000 00788nam a2200229 i 4500
001 44307
003 ES-MaACL
005 20240312215325.0
007 t|
008 030321s1877 sp d |||| | spa d
080 _a69(038)
100 1 _aClairac y Sáenz, Pelayo.
_9200643
245 1 0 _aDiccionario general de arquitectura e ingeniería /
_cpor Pelayo Clairac y Sáenz ; con una introducción por Eduardo Saavedra.
260 _aMadrid :
_bZaragozano y Laguna,
_c1877.
300 _a5 v. ;
_c28 cm.
650 4 _aArquitectura-
_vDiccionarios.
_9155690
650 4 _aIngeniería-
_vDiccionarios.
_9140432
650 4 _aConstrucción-
_vDiccionarios.
_9156035
700 1 _aSaavedra, Eduardo,
_d1829-1912
_9101132
852 _aES-MaACL
_jG-12909-13
999 _c44307
_d44307